000 00386nam a2200169Ia 4500
008 220531s9999 xx 000 0 und d
041 _aeng
082 _bMIN
100 _aMinault, G.
_938717
245 _aSecluded Scholars
260 _bOxford
_c1995
300 _a359
542 _d16-06-1998
650 _aGenral
_938718
906 _d1998-1999
_f6010
999 _c23421
_d23421